Normal view
MARC view
- El-Hawary, Mohamed. E
Entry Personal Name
001 - CONTROL NUMBER
- control field: 65997
003 - CONTROL NUMBER IDENTIFIER
- control field: NUST
005 - DATE AND TIME OF LATEST TRANSACTION
- control field: 20210628203524.0
008 - FIXED-LENGTH DATA ELEMENTS
- fixed length control field: 210628|| aca||aabn | a|a d
040 ## - CATALOGING SOURCE
- Original cataloging agency: NUST
- Transcribing agency: NUST
100 ## - HEADING--PERSONAL NAME
- Personal name: El-Hawary, Mohamed. E
670 ## - SOURCE DATA FOUND
- Source citation: Work cat.: (NUST): El-Hawary, Mohamed. E, Principles of electric machines with power electronic applications, 2002
